000 00524nam a2200193Ia 4500
005 20260120132135.0
008 008 260114s9999 xx 000 0 eng d
020 _a9781383001358
037 _aEBOOK
040 _aCRL
_beng
_cCRL
041 _aeng
_2eng
084 _qCRL
100 _aSinclair
_9935424
245 0 _aHuman Growth after Birth
260 _bOxford University PressOxford University Press
_c2023
856 _uhttps://academic.oup.com/book/50775
942 _cEBOOK
999 _c1527347
_d1527347